000 00473pab a2200157 454500
008 180718b2011 xxu||||| |||| 00| 0 eng d
100 _aRhodes, Jesse Hessler
245 _aProgressive policy making in a conservative age? Civil rights and the politics of federal education standards, testingh
260 _c2011
300 _ap.519-544.
362 _aSep
650 _aCivil and political rights
773 _aPerspectives on Politics
908 _aN
909 _a93853
999 _c93853
_d93853